Extracto de la novissima recopilación de leyes de España (Record no. 153720)

MARC details
000 -LEADER
campo de control de longitud fija 01075nam a22002535i 4500
001 - NÚMERO DE CONTROL
campo de control 153720
003 - IDENTIFICADOR DE NÚMERO DE CONTROL
campo de control ES-MaACL
005 - FECHA Y HORA DE LA ÚLTIMA TRANSACCIÓN
campo de control 20250827062627.0
008 - DATOS DE LONGITUD FIJA--INFORMACIÓN GENERAL
campo de control de longitud fija 980929s1845 sp |||| | spa d
040 ## - FUENTE DE CATALOGACIÓN
Centro catalogador/agencia de origen CAM
Lengua de catalogación spa
Centro/agencia transcriptor CAM
110 1# - ENTRADA PRINCIPAL--NOMBRE DE ENTIDAD CORPORATIVA
Nombre de entidad corporativa o nombre de jurisdicción como elemento de entrada España
9 (RLIN) 3622
240 10 - TÍTULO UNIFORME
Título uniforme Leyes, etc.
245 10 - MENCIÓN DEL TÍTULO
Título Extracto de la novissima recopilación de leyes de España
Resto del título : formada para faciliar sus estudios ... /
Mención de responsabilidad, etc. por Juan de la Reguera y Valdelomar ; anotado con el de las leyes y reales disposiciones promulgadas desde el año 1805 hasta el dia por F., E. y B.
260 ## - PUBLICACIÓN, DISTRIBUCIÓN, ETC.
Lugar de publicación, distribución, etc. Barcelona :
Nombre del editor, distribuidor, etc. [s.n.],
Fecha de publicación, distribución, etc. 1845 (
Fabricante imprenta de Ramón Martín Indár)
300 ## - DESCRIPCIÓN FÍSICA
Extensión 4 v. ;
Dimensiones 18 cm.
504 ## - NOTA DE BIBLIOGRAFÍA, ETC.
Nota de bibliografía, etc. Referencias bibliográficas.
597 #1 - NOTA DE DESCRIPCIÓN FÍSICA
NOTA DE DESCRIPCIÓN FÍSICA Vol. I (369, [3] p.) -- Vol. II (470 p.) -- Vol. III (523 p.) -- Vol. IV (538 p.)
650 07 - PUNTO DE ACCESO ADICIONAL DE MATERIA--TÉRMINO DE MATERIA
Término de materia o nombre geográfico como elemento de entrada Derecho
Fuente del encabezamiento o término embne
9 (RLIN) 11602
700 11 - ENTRADA AGREGADA--NOMBRE PERSONAL
Nombre de persona Reguera y Valdelomar, Juan de la,
Término indicativo de función/relación
9 (RLIN) 131669
700 1# - ENTRADA AGREGADA--NOMBRE PERSONAL
Nombre de persona Indár, Ramón Martín,
Término indicativo de función/relación
9 (RLIN) 128179
752 ## - ENTRADA AGREGADA--NOMBRE JERÁRQUICO DEL LUGAR
País o entidad superior España -
Ciudad Barcelona
852 ## - LOCALIZACIÓN
Ubicación ES-MaACL
Número de control de estantería C-3542-3545
Nota libre -- Enc. hol.
Holdings
Estatus retirado Estado de pérdida Estado de daño No para préstamo Colección Biblioteca de origen Biblioteca actual Ubicación en estantería Fecha de adquisición Fuente de adquisición Total de préstamos Signatura topográfica completa Código de barras Visto por última vez Precio de reemplazo Tipo de ítem Koha
        Libros del s. XIX Biblioteca del Ateneo de Madrid Biblioteca del Ateneo de Madrid Sala Palomar 17/01/2008     C-3542-3545 1160705 23/02/2023 23/02/2023 Libro impreso antiguo